000 01102nam0a22002651 4500
001 rc\4087321
005 20260405155531.0
021 _aRU
_b[47-14875]
035 _a(NLR Aleph) 008129760
090 _a9416252
_c9416252
100 _a20130415d1947 |||y0rusy50 ca
101 0 _arus
102 _aRU
105 _ay z |||||
200 1 _aНовый метод интегрирования с помощью ортогональных фокусов
210 _aМосква
_aЛенинград
_cГостехиздат
_d1947
_g16-я тип. треста "Полиграфкнига" в М.
215 _a84 с., 4 отд. л. граф.
_cграф.
_d20
300 _aПеред загл. авт.: А.А. Попов
606 _aИнтегрирование графическое
_2psbo
700 1 _8rus
_7ca
_aПопов
_bА. А.
_cд-р техн. наук, строит. механика
_f1905-1966
_gАлексей Александрович
_3RU\NLR\AUTH\7766311
_949239
801 0 _aRU
_bNLR
_gpsbo
801 1 _aRU
_bELAR
_2rusmarc
852 _aNLR
_jМт02 Г-4/168
942 _cBOOK
980 _aNB